000 00780nam a2200253Ia 4500
003 OSt
005 20220928125136.0
006 a|||||r|||| 00| 0
007 ta
008 220927b |||||||| |||| 00| 0 eng d
024 _a25035
037 _cTextual
040 _aSDCL
_cSDCL
_beng
041 _2eng
_aeng
082 _aG:527, N7
100 _aNoss Reed F
_9468106
245 0 _aScience of conservation planning
_b Habitat conservation under the endangered species act.
260 _aWashington
_bIsland Press
_c1997
300 _axvii,246p.
_ccm.
700 _a Murphy Dennis D
_9468107
700 _a O'Connell Michael A
_9468108
942 _hG:527, N7
_cTEXL
_2CC
999 _c780989
_d780989